LEADER 00967nam0-22003371i-450- 001 990001320090403321 010 $a0-387-97582-9 035 $a000132009 035 $aFED01000132009 035 $a(Aleph)000132009FED01 035 $a000132009 100 $a20000920d1991----km-y0itay50------ba 101 0 $aeng 200 1 $aMixed and Hybrid Finite Element Methods$fFranco Brezzi, Michel Fortin. 210 $aNew York$cSpringer-Verlag$dc1991. 215 $aix, 350 p.$cill.$d25 cm 225 1 $aSpringer series in computational mathematics$v15 610 0 $aMeccanica dei solidi 610 0 $aFluidodinamica 676 $a620.001 700 1$aBrezzi,$bFranco$030970 702 1$aFortin,$bMichel 801 0$aIT$bUNINA$gRICA$2UNIMARC 901 $aBK 912 $a990001320090403321 952 $aC-54-(15$b9082$fMA1 959 $aMA1 962 $a73-XX 996 $aMIXED AND HYBRID FINITE ELEMENT METHODS$9318745 997 $aUNINA DB $aING01 LEADER 05299nam 2200997 450 001 9910780539603321 005 20230912142407.0 010 $a1-4426-5548-8 010 $a0-8020-8534-2 010 $a1-282-02334-9 010 $a9786612023347 010 $a1-4426-7559-4 024 7 $a10.3138/9781442675599 035 $a(CKB)2430000000001103 035 $a(EBL)3254778 035 $a(OCoLC)923068650 035 $a(SSID)ssj0001514785 035 $a(PQKBManifestationID)12630822 035 $a(PQKBTitleCode)TC0001514785 035 $a(PQKBWorkID)11481442 035 $a(PQKB)10071774 035 $a(SSID)ssj0000298327 035 $a(PQKBManifestationID)11224214 035 $a(PQKBTitleCode)TC0000298327 035 $a(PQKBWorkID)10344034 035 $a(PQKB)11378599 035 $a(CaBNvSL)thg00600382 035 $a(DE-B1597)479186 035 $a(OCoLC)1004867596 035 $a(DE-B1597)9781442675599 035 $a(Au-PeEL)EBL4671577 035 $a(CaPaEBR)ebr11257282 035 $a(OCoLC)431552905 035 $a(MdBmJHUP)musev2_104828 035 $a(VaAlCD)20.500.12592/c33kr1 035 $a(schport)gibson_crkn/2009-12-01/6/418762 035 $a(MiAaPQ)EBC4671577 035 $a(MiAaPQ)EBC3254778 035 $a(EXLCZ)992430000000001103 100 $a20160922h20052005 uy 0 101 0 $aeng 135 $aur|n|---||||| 181 $ctxt 182 $cc 183 $acr 200 00$a'Hang onto these words' $eJohnny David's Delgamuukw evidence /$fedited by Antonia Mills 210 1$aToronto, [Ontario] ;$aBuffalo, [New York] ;$aLondon, [England] :$cUniversity of Toronto Press,$d2005. 210 4$dİ2005 215 $a1 online resource (503 p.) 225 0 $aHeritage 300 $aDescription based upon print version of record. 311 $a0-8020-0553-5 311 $a0-8020-3746-1 320 $aIncludes bibliographical references and index. 327 $a""Contents""; ""Foreword""; ""Foreword""; ""Foreword""; ""Acknowledgments""; ""Introduction""; ""The Commission Evidence of Witsuwita???en Chief Maxlaxlex""; ""VOLUME 1: Direct Examination of Johnny David""; ""VOLUME 2: Direct Examination of Johnny David""; ""VOLUME 3: Direct Examination of Johnny David""; ""VOLUME 4: Direct Examination of Johnny David""; ""VOLUME 5: Direct Examination of Johnny David""; ""VOLUME 6: Cross-Examination of Johnny David""; ""VOLUME 7: Cross-Examination of Johnny David""; ""VOLUME 8: Cross-Examination of Johnny David""; ""Redirect Examination of Johnny David"" 327 $a""Cross-Examination of Johnny David""""Notes""; ""Glossary""; ""A""; ""B""; ""C""; ""D""; ""G""; ""H""; ""I""; ""K""; ""L""; ""M""; ""N""; ""O""; ""P""; ""S""; ""T""; ""W""; ""X""; ""Y""; ""References""; ""Credits and Sources""; ""Index""; ""A""; ""B""; ""C""; ""D""; ""E""; ""F""; ""G""; ""H""; ""I""; ""J""; ""K""; ""L""; ""M""; ""N""; ""O""; ""P""; ""R""; ""S""; ""T""; ""U""; ""V""; ""W""; ""Y"" 330 8 $a"In the commission evidence, Daivd provides a rich description of the Witsuwit'en way of life as well as the injustices his people suffered at the hands of Indian agents and settlers. In providing access to Johnny David's eloquent testimony, this book offers unique insight into one of the most historically significant examples of Aboriginal peoples' ongoing struggle for self-determination."--Jacket. 330 8 $a"'Hang Onto These Words' presents the actual transcripts of the questions and answers between lawyers working on both sides and this knowledgeable and outspoken Native elder, who spoke in his own language and whose words were then translated by an interpreter into English. The evidence was given in a makeshift courtroom set up in David's own home. Anthropologist Antonia Mills was present during these proceedings, and, in this book, she introduces and contextualizes the evidence in the Delgamuukw case." 330 1 $a"In 1985 and 1986, ninety-year-old Witsuwit'en Chief Maxlaxlex - or Johnny David as he is better known - was the first Witsuwit'en to give commission evidence in the Delgamuukw land claims case, in which the Witsuwit'en and Gitxsan of Northern British Columbia were battling for title to their traditional territories." 517 3 $a'Hang on to these words' 517 3 $aJohnny David's Delgamuukw evidence 606 $aWet'suwet'en Indians$vClaims 606 $aWet'suwet'en Indians$xLand tenure 606 $aWet'suwet'en Indians$xLegal status, laws, etc 606 $aTrial transcripts$zBritish Columbia 607 $aBritish Columbia$2fast 608 $aRecueils de jurisprudence et d'opinions. 608 $aCourt decisions and opinions. 608 $aTrials, litigation, etc. 608 $aHistory. 608 $aClaims. 608 $aCourt decisions and opinions. 608 $aElectronic books. 615 0$aWet'suwet'en Indians 615 0$aWet'suwet'en Indians$xLand tenure. 615 0$aWet'suwet'en Indians$xLegal status, laws, etc. 615 0$aTrial transcripts 676 $a346.7110432089972 702 $aMills$b Antonia Curtze 801 0$bMiAaPQ 801 1$bMiAaPQ 801 2$bMiAaPQ 906 $aBOOK 912 $a9910780539603321 996 $aHang onto these words$93731060 997 $aUNINA LEADER 02231nam 2200517z- 450 001 9910557231403321 005 20211118 035 $a(CKB)5400000000041629 035 $a(oapen)https://directory.doabooks.org/handle/20.500.12854/73299 035 $a(oapen)doab73299 035 $a(EXLCZ)995400000000041629 100 $a20202111d2019 |y 0 101 0 $aeng 135 $aurmn|---annan 181 $ctxt$2rdacontent 182 $cc$2rdamedia 183 $acr$2rdacarrier 200 00$aEngaging Undergraduates in Publishable Research Best Practices 210 $cFrontiers Media SA$d2019 215 $a1 online resource (202 p.) 311 08$a2-88963-144-3 330 $aThis eBook is a collection of articles from a Frontiers Research Topic. Frontiers Research Topics are very popular trademarks of the Frontiers Journals Series: they are collections of at least ten articles, all centered on a particular subject. With their unique mix of varied contributions from Original Research to Review Articles, Frontiers Research Topics unify the most influential researchers, the latest key findings and historical advances in a hot research area! Find out more on how to host your own Frontiers Research Topic or contribute to one as an author by contacting the Frontiers Editorial Office: frontiersin.org/about/contact 606 $aPsychology$2bicssc 606 $aScience: general issues$2bicssc 610 $afaculty-student collaboration 610 $afaculty-student publication 610 $afaculty-student research 610 $aMentoring 610 $apsychology 610 $aPublishing 610 $aResearch 610 $aUndergraduate 610 $aUndergraduate publication 610 $aUndergraduate research 615 7$aPsychology 615 7$aScience: general issues 700 $aGiuliano$b Traci A$4edt$01320471 702 $aSkorinko$b Jeanine L. M$4edt 702 $aFallon$b Marianne$4edt 702 $aGiuliano$b Traci A$4oth 702 $aSkorinko$b Jeanine L. M$4oth 702 $aFallon$b Marianne$4oth 906 $aBOOK 912 $a9910557231403321 996 $aEngaging Undergraduates in Publishable Research Best Practices$93034346 997 $aUNINA